000 00740nam a2200217Ia 4500
005 20241129105901.0
008 241129s9999||||xx |||||||||||||| ||und||
020 _a81-87762-31-4
037 _aTB
040 _aARTS
_bpun
_cARTS
041 _apun
_2pun
084 _aO153,6:g R2
_qARTS
100 _aਪਾਹਵਾ, ਕੁਲਦੀਪ ਕੌਰ, ਚ।
245 0 _aਗੁਰਬਾਣੀ ਸ਼ਬਦ ਰਹੱਸ
_cਪਾਹਵਾ, ਕੁਲਦੀਪ ਕੌਰ, ਚ।
260 _aਦਿੱਲੀ, ਭਾਰਤ
_bਦਿੱਲੀ ਐੱਚ ਕੇ ਪ੍ਰਕਾਸ਼ਨ
_c2019
300 _a160ਪ੍ਰ0
365 _aINR
_b495
650 _aPunjabi Prose
942 _cTB
_hO153,6:g R2
999 _c1226427
_d1226427